Maltese Alphabet - Statistics

General Stats
  • This quiz has been taken 7 times
  • The average score is 25 of 30
Answer Stats
Letter % Correct
A
100%
L
100%
M
100%
B
83%
Ċ
83%
D
83%
E
83%
F
83%
Ġ
83%
G
83%
H
83%
Ħ
83%
I
83%
J
83%
K
83%
N
83%
O
83%
P
83%
Q
83%
R
83%
S
83%
T
83%
U
83%
V
83%
W
83%
X
83%
Ż
83%
Z
83%
67%
IE
67%
No matching quizzes found
Score Distribution
Percent of People with Each Score
Percentile by Number Answered
Your Score History
You have not taken this quiz